Polisz megfontolások Hannah Arendt nyomán /
Elmentve itt :
| Szerző: | |
|---|---|
| Testületi szerző: | |
| Dokumentumtípus: | Könyv része |
| Megjelent: |
2019
|
| Sorozat: | Lábjegyzetek Platónhoz
17 A polisz 17 |
| Kulcsszavak: | Hannah Arendt, Filozófia - német - 20. sz., Politikai filozófia |
| Tárgyszavak: | |
| Online Access: | http://acta.bibl.u-szeged.hu/65560 |
| LEADER | 00846naa a2200229 i 4500 | ||
|---|---|---|---|
| 001 | acta65560 | ||
| 005 | 20220107110551.0 | ||
| 008 | 200313s2019 hu o 0|| hun d | ||
| 020 | |a 978-615-5727-02-3 | ||
| 040 | |a SZTE Egyetemi Kiadványok Repozitórium |b hun | ||
| 041 | |a hun | ||
| 100 | 1 | |a Olay Csaba | |
| 245 | 1 | 0 | |a Polisz |h [elektronikus dokumentum] : |b megfontolások Hannah Arendt nyomán / |c Olay Csaba |
| 260 | |c 2019 | ||
| 300 | |a 165-177 | ||
| 490 | 0 | |a Lábjegyzetek Platónhoz |v 17 | |
| 490 | 0 | |a A polisz |v 17 | |
| 650 | 4 | |a Bölcsészettudományok | |
| 650 | 4 | |a Filozófia, etika és vallástudományok | |
| 695 | |a Hannah Arendt, Filozófia - német - 20. sz., Politikai filozófia | ||
| 710 | |a Lábjegyzetek Platónhoz : A polisz (2018) (Szeged) | ||
| 856 | 4 | 0 | |u http://acta.bibl.u-szeged.hu/65560/1/platonhoz_017_165-177.pdf |z Dokumentum-elérés |